Utensili, mobili ed elettrodomestici (con foto) - Statistics

Statistiche generali
  • Questo quiz è stato fatto 47 volte
  • Il punteggio medio è 71 su 120
Statistiche sulle risposte
con Immagini Risposta % Corretto
martello
100%
cacciavite
97%
chiave inglese
95%
sega
95%
trapano
92%
forno
86%
frigorifero
86%
armadio
84%
ferro da stiro
84%
lavastoviglie
84%
lavatrice
84%
microonde
84%
ventilatore
84%
ago
81%
aspirapolvere
81%
coperta
81%
cuscino
81%
fiammifero
81%
frullatore
81%
materasso
81%
tappeto
81%
asciugatrice
78%
condizionatore
78%
tostapane
78%
bicchiere
76%
cassetto
76%
coperchio
76%
pentola
76%
pinza
76%
coltello
73%
cucchiaino
73%
cucchiaio
73%
detersivo
73%
forchetta
73%
macchina da cucire
73%
mattarello
73%
mensola
73%
motosega
73%
padella
73%
paletta
73%
scopa
73%
scrivania
73%
avvitatore
70%
secchio
70%
sgabello
70%
spugna
70%
tagliere
70%
bussola
68%
canna da pesca
68%
cappa
68%
comodino
68%
gruccia
68%
manico
68%
mestolo
68%
mocio
68%
poltrona
68%
scala
68%
scarpiera
68%
scolapasta
68%
spremiagrumi
68%
tazza
68%
teglia
68%
vite
68%
frusta
65%
grattugia
65%
maniglia
65%
panca
65%
saliera
65%
chiodo
62%
graticola
62%
spillo
62%
lima
59%
serratura
59%
stampella
59%
amo da pesca
57%
barattolo
57%
ciotola
57%
forcone
57%
tagliaerba
57%
bullone
54%
congelatore
54%
gancio
54%
scaffale
54%
telaio
54%
apribottiglie
51%
brocca
51%
cassettiera
51%
colino
51%
piede di porco
49%
scalpello
49%
comò
46%
livella
46%
apriscatole
43%
bollitore elettrico
43%
lenzuola
43%
sega circolare
43%
straccio
41%
dado
38%
moquette
38%
spatola
35%
misurino
32%
ripostiglio
32%
tenaglia
32%
appendiabiti
30%
cesoia
30%
soffiatore di foglie
24%
acchiappamosche
19%
pattumiera
19%
metro a nastro
16%
panno microfibra
16%
schiumarola
16%
strofinaccio
16%
tegame
16%
canovaccio
11%
guardaroba
11%
morsetto
11%
ferro da maglia
5%
mazzuolo
5%
picchetto
5%
pinza da bucato
3%
Nessun quiz corrispondente trovato
Distribuzione punteggi
Percentuale di utenti per punteggio
Percentile per numero di risposta
I tuoi punteggi nel tempo
Non hai fatto questo quiz